| 000 | 00553nam a22002057a 4500 | ||
|---|---|---|---|
| 999 |
_c16717 _d16717 |
||
| 003 | OSt | ||
| 005 | 20180319103507.0 | ||
| 008 | 180319b xxu||||| |||| 00| 0 eng d | ||
| 020 | _a9781138784567 | ||
| 040 | _cKABU | ||
| 050 |
_aG 155 _b.P34 2015 C.1 |
||
| 100 | _aPage, J. Stephen | ||
| 245 |
_aTourism Management _cStephen J. Page |
||
| 250 | _a5th ed. | ||
| 260 |
_aLondon _bTaylor and Francis Group _c2015 |
||
| 300 | _axix, 467p. | ||
| 650 | _aTourism - Textbooks | ||
| 650 | _aTourism - Management - Textbooks | ||
| 942 |
_2lcc _cBK |
||